Toward sustainable communities : resources for citizens and their governments (Record no. 36620)

MARC details
000 -LEADER
fixed length control field 00513nam a2200181Ia 4500
020 ## - INTERNATIONAL STANDARD BOOK NUMBER
ISBN 9780865713741
050 ## - CALL MARK
Classification number HT 166 .R67/
100 ## - STATEMENT OF RESPONSIBILITY--MAIN AUTHOR NAME
Personal name Roseland, Mark.
245 #0 - TITLE STATEMENT
Title Toward sustainable communities : resources for citizens and their governments
260 ## - PUBLICATION, DISTRIBUTION, ETC. (IMPRINT)
Place of publication Gabriola Island
260 ## - PUBLICATION, DISTRIBUTION, ETC. (IMPRINT)
Name of publisher New Society Publishers
260 ## - PUBLICATION, DISTRIBUTION, ETC. (IMPRINT)
Year of publication 1998.
300 ## - PHYSICAL DESCRIPTION
Number of Pages 241 p
650 ## - SUBJECT ADDED ENTRY--TOPICAL TERM
Topical Term City planning. Sustainable development.
942 ## - ADDED ENTRY ELEMENTS (KOHA)
Koha item type Books
Holdings
Withdrawn status Lost status Source of classification or shelving scheme Damaged status Not for loan Permanent Location Current Location Date acquired Accession Number Price effective from Koha item type
    Library of Congress Classification     NILE UNIVERSITY OF NIGERIA - MAIN LIBRARY NILE UNIVERSITY OF NIGERIA - MAIN LIBRARY 04/23/2025 0194526 04/23/2025 Books